| 000 | 00811nam a22002177a 4500 | ||
|---|---|---|---|
| 005 | 20251003111947.0 | ||
| 008 | 251003b |||||||| |||| 00| 0 eng d | ||
| 020 | _a9781071852392 | ||
| 082 | _aDC 659.2 Ul5 2023 | ||
| 100 |
_aUlmer, Robert R. _968351 |
||
| 245 |
_aEffective crisis communication : _bmoving from crisis to opportunity / _cRobert R. Ulmer, Timothy L. Sellnow, and Matthew W. Seeger. |
||
| 250 | _aFifth edition. | ||
| 260 |
_aCalifornia : _bSage, _c©2023. |
||
| 300 |
_axv, 248 pages : _billustrations ; _c22 cm. |
||
| 500 | _aIncludes references and index. | ||
| 650 | 0 |
_aCommunication in crisis management. _968442 |
|
| 650 | 0 |
_aPublic relations _xManagement. _968443 |
|
| 700 |
_aSellnow, Timothy L. _968352 _eauthor. |
||
| 700 |
_aSeeger, Matthew W. _968353 _eauthor. |
||
| 942 |
_2ddc _cDC |
||
| 999 |
_c23948 _d23948 |
||